| 000 | 00725nam a2200253 i 4500 | ||
|---|---|---|---|
| 003 | DO-SdBNP | ||
| 005 | 20240708112341.0 | ||
| 007 | ta | ||
| 008 | 240708b1976 sp a|||| |||| 00| 0 spa d | ||
| 020 | _a8427110022 | ||
| 040 |
_aDO-SdBNP _bspa _cBNPHU _erda |
||
| 082 | 4 | _222 | |
| 100 |
_aVenzmer, Gerhard, _eautor _985981 |
||
| 245 | 1 | 3 |
_aEl fenomeno de las hormonas / _cGerhard Venzmer |
| 264 |
_aEspaña : _bActualidad Bibliográfica Mensajero, _c1976. |
||
| 300 |
_a258 páginas ; _c18 cm. |
||
| 336 |
_2rdacontent _atexto _btxt |
||
| 337 |
_2rdamedia _asin mediación _bn |
||
| 338 |
_2rdacarrier _avolumen _bnc |
||
| 490 |
_aMensajero _v47 |
||
| 590 | _aInventariado, 2024/BT | ||
| 910 | _aBtavárez | ||
| 942 |
_2ddc _cLBS1 |
||
| 999 |
_c57201 _d57201 |
||